000 02042nam0a2200349 4500
001 RU\NLR\BIBL_A\022624156
005 20251215170610.0
010 _a978-5-7996-3969-3
_930
021 _aRU
_bКН-П-25-045279
_9КН-П-25-4398
021 _aRU
_bКН-П-25-045279
_9КН-П-25-5823
035 _a(NLR Aleph) 022624156
090 _a13504743
_c13504743
100 _a20250917d2025 u y0rusy50 ca
101 0 _arus
102 _aRU
105 _aa j 000yy
181 0 _ai3
_baxxe
182 0 _an
200 1 _aЭкономический анализ
_eучебное пособие
_eдля студентов вуза, обучающихся по направлению подготовки 38.04.01 "Экономика"
_fН. Р. Кельчевская, И. С. Пелымская, И. М. Черненко
_gМинистерство науки и высшего образования Российской Федерации, Уральский федеральный университет имени первого Президента России Б. Н. Ельцина, [Институт экономики и управления]
203 _aТекст
_bвизуальный
_cнепосредственный
210 _aЕкатеринбург
_cИзд-во Уральского университета
_d2025
215 _a286, [2] с.
_cил., табл.
_d20
320 _aБиблиогр. в конце кн. (11 назв.)
606 1 _aЭкономический анализ
_jУчебные издания для высших учебных заведений
_2nlr_sh1
_2nlr_sh2
_3RU\NLR\AUTH\661206211
686 1 _aУ053.0я73
700 1 _aКельчевская
_bН. Р.
_gНаталья Рэмовна
_3RU\NLR\AUTH\770189990
701 1 _aПелымская
_bИ. С.
_gИрина Сергеевна
_3RU\NLR\AUTH\770234254
701 1 _aЧерненко
_bИ. М.
_gИлья Михайлович
942 _cBOOK
980 _aNB